000 00849nam a22002057a 4500
999 _c2869
_d2869
003 AR-CdUCM
008 190305b ||||| |||| 00| 0 spa d
040 _aMUNICIPALIDAD PROVINCIAL DEL CUSCO
_cBIBLIOTECA MUNICIPAL DEL CUSCO
082 _a348.6 /
_bR41
100 _aRendón Vásquez, Jorge
_99924
245 _aLegislación laboral :
_brégimen de la actividad privada /
260 _aLima :
_bTárpuy,
_c1988.
300 _a736 paginas ;
_c20 cm.
505 _aContenido: v.1 -- Relaciones individuales -- La contratación laboral -- Elementos del contrato de trabajo --Duración del contrato de trabajo -- Intervención del estado -- Las partes en el contrato de trabajo. v.2 -- Ley procesal de quiebras ...
650 _aDerecho laboral
_95297
650 _aLegislación
_92962
650 _aPerú
_935
942 _2ddc
_cLIBROS
945 _aacv